| 000 | 00790nam a2200229 a 4500 | ||
|---|---|---|---|
| 005 | 20140310183623.0 | ||
| 008 | 120904s19uu xx 00 eng d | ||
| 020 | _a9780071606028 | ||
| 050 |
_aHD 69.S8 _b.Ar74 2010 |
||
| 100 | _aArgenti, Paul A. | ||
| 245 |
_aDigital strategies for powerful corporate communications / _cPaul A. Argenti. |
||
| 260 |
_aNew York : _bMCGraw Hill, _c2009. |
||
| 300 |
_axi, 288 p. : _c24 cm. |
||
| 521 | _aBSBA | ||
| 650 |
_aBusiness networks _xComputer network resources |
||
| 650 |
_aCommunication in management _xComputer network resources |
||
| 650 |
_aDigital communications _xEconomic aspects |
||
| 650 |
_aCommunication in organizations _xComputer network resources |
||
| 700 | _aBarnes, Courtney M. | ||
| 942 |
_cBK _2lcc _kFOR |
||
| 999 |
_c25455 _d25455 |
||